|
|
|
|
| LEADER |
00000nam0a2200000 4500 |
| 001 |
315132 |
| 005 |
20231102002739.0 |
| 010 |
|
|
|a 9785991662734
|
| 035 |
|
|
|a (RuTPU)RU\TPU\book\340565
|
| 090 |
|
|
|a 315132
|
| 100 |
|
|
|a 20160226d2016 m y0rusy50 ca
|
| 101 |
0 |
|
|a rus
|
| 102 |
|
|
|a RU
|
| 105 |
|
|
|a a j 001zy
|
| 200 |
1 |
|
|a Базы данных: проектирование. Практикум
|e учебное пособие для академического бакалавриата
|f Н. П. Стружкин, В. В. Годин
|g Государственный университет управления (ГУУ)
|
| 210 |
|
|
|a Москва
|c Юрайт
|d 2016
|
| 215 |
|
|
|a 291 с.
|c ил.
|
| 225 |
1 |
|
|a Бакалавр. Академический курс
|
| 320 |
|
|
|a Библиогр.: с. 284.
|
| 330 |
|
|
|a В учебном пособии рассматривается практическое применение теоретических основ разработки и реализации баз данных. Данное издание является практикумом к учебнику авторов «Базы данных: проектирование». Книга позволяет приобрести практические навыки создания модели базы данных, готовой к внедрению в информационную систему в качестве физической базы данных. В учебном пособии методические материалы представляется набором тестовых заданий, примером заданий для наработки практических навыков и закрепления теоретических знаний, а также творческих заданий по закреплению сведений об особенностях построения и работы баз данных.
|
| 606 |
1 |
|
|a Базы данных
|2 stltpush
|3 (RuTPU)RU\TPU\subj\27973
|9 51601
|
| 610 |
1 |
|
|a понятия
|
| 610 |
1 |
|
|a модели
|
| 610 |
1 |
|
|a технологии
|
| 610 |
1 |
|
|a логическое моделирование
|
| 610 |
1 |
|
|a инструментальные средства
|
| 610 |
1 |
|
|a физическое моделирование
|
| 610 |
1 |
|
|a практикумы
|
| 610 |
1 |
|
|a учебные пособия
|
| 610 |
1 |
|
|a труды учёных ТПУ
|
| 675 |
|
|
|a 004.65(076.5)
|v 4
|
| 700 |
|
1 |
|a Стружкин
|b Н. П.
|g Николай Павлович
|
| 701 |
|
1 |
|a Годин
|b В. В.
|g Владимир Викторович
|
| 712 |
0 |
2 |
|a Государственный университет управления (ГУУ)
|c (Москва)
|c (1998- )
|2 stltpush
|3 (RuTPU)RU\TPU\col\23
|
| 801 |
|
1 |
|a RU
|b 63413507
|c 20160226
|
| 801 |
|
2 |
|a RU
|b 63413507
|c 20160406
|g RCR
|
| 900 |
|
|
|a Базы данных
|
| 942 |
|
|
|c BK
|
| 951 |
|
|
|l 8.1
|
| 959 |
|
|
|a 24/20160224
|d 3
|e 649,00
|f ЧЗТЛ:1
|f УФ:2
|